| 000 | 00000nas 2200000za 4500 |
| 001 | 9.819621 |
| 003 | CaOODSP |
| 005 | 20221107143016 |
| 007 | cr ||||||||||| |
| 008 | 160616d19971998oncar p oss f000#b0fre|d |
| 022 | |y1492-2800 |
| 040 | |aCaOODSP|bfre |
| 041 | |aeng|afre |
| 043 | |an-cn--- |
| 086 | 1 |aCS61-220-PDF |
| 245 | 00|aCorporations Returns Act |h[ressource électronique] : |bforeign control in the Canadian economy = Loi sur les déclarations des personnes morales : contrôle étranger de l'économie canadienne. |
| 246 | 11|aLoi sur les déclarations des personnes morales : |bcontrôle étranger de l'économie canadienne |
| 246 | 30|aForeign control in the Canadian economy |
| 246 | 13|aParliamentary report of the Minister of Industry under the Corporations Returns Act |
| 260 | |aOttawa : |bStatistics Canada = Statistique Canada, |c2000-2001. |
| 310 | |aAnnuel |
| 362 | 0 |a1997-1998. |
| 500 | |aÉdition numérisée de l’imprimé [par Statistique Canada]. |
| 546 | |aTexte en anglais et en français. |
| 692 | 07|2gccst|aSociétés |
| 692 | 07|2gccst|aFinances |
| 710 | 2 |aStatistique Canada. |bSection des statistiques financières et fiscales. |
| 780 | 00|tParliamentary report of the Minister of Industry under the Corporations and Labour Unions Return Act. |w(CaOODSP)9.819613 |
| 785 | 00|tLoi sur les déclarations des personnes morales |w(CaOODSP)9.501875 |
| 791 | |tCorporations Returns Act |eeng|w(CaOODSP)9.819615 |